Statistics for 90 secs Countries of the World: by Country Transits Distance = 2

Click here to take the quiz!

General Stats

  • This quiz has been taken 498 times
  • The average score is 121 of 155

Answer Stats

COUNTRY % Correct
Germany
99%
India
98%
Uzbekistan
98%
Poland
98%
Turkmenistan
98%
Turkey
97%
Georgia
97%
Iran
97%
Kazakhstan
97%
Romania
97%
Czech Republic
97%
South Korea
97%
Russia
97%
Kyrgyzstan
97%
Andorra
97%
Azerbaijan
97%
Armenia
97%
Monaco
96%
Belgium
96%
Vietnam
96%
Lithuania
96%
Belarus
96%
Latvia
96%
Afghanistan
96%
Netherlands
96%
Luxembourg
96%
Morocco
96%
Tajikistan
96%
Ukraine
96%
Spain
96%
Laos
95%
Estonia
95%
Italy
95%
Slovakia
95%
Brazil
95%
Thailand
94%
North Korea
94%
Suriname
94%
Hungary
94%
Moldova
94%
Norway
94%
Finland
94%
Mongolia
94%
Bangladesh
93%
Switzerland
92%
Pakistan
92%
Nepal
92%
Slovenia
92%
Bhutan
92%
Liechtenstein
92%
Burma
92%
France
92%
Venezuela
91%
Sri Lanka
89%
Austria
89%
Guyana
88%
Sweden
88%
Peru
87%
China
87%
Cambodia
87%
Algeria
87%
Sudan
87%
Uruguay
87%
Portugal
87%
Colombia
87%
Central African Republic
86%
Denmark
86%
Paraguay
86%
Bulgaria
85%
Tunisia
85%
Syria
85%
Jordan
85%
South Sudan
84%
Malawi
84%
Ecuador
84%
Chad
83%
Tanzania
82%
Argentina
81%
Bolivia
81%
Nigeria
81%
Ethiopia
81%
Egypt
80%
Iraq
80%
United Kingdom
80%
Serbia
80%
Zambia
80%
Gabon
80%
Vatican City
79%
San Marino
79%
Panama
79%
Uganda
79%
Cameroon
79%
Croatia
78%
Kuwait
78%
Chile
78%
Angola
78%
Eritrea
77%
Burkina Faso
77%
Israel
77%
Mauritania
77%
Mali
77%
Niger
77%
Mozambique
76%
Democratic Republic of the Congo
76%
Lebanon
76%
Libya
75%
Burundi
75%
Rwanda
74%
Saudi Arabia
74%
Greece
74%
Kenya
74%
Benin
73%
Republic of the Congo
72%
Equatorial Guinea
72%
Senegal
70%
Guinea
67%
Belize
67%
Ghana
66%
Cote d'Ivoire
66%
Zimbabwe
66%
Botswana
65%
Namibia
65%
Guatemala
64%
El Salvador
63%
Honduras
61%
Albania
59%
Qatar
58%
Kosovo
58%
Macedonia
58%
Togo
57%
Brunei
57%
Canada
56%
Mexico
54%
Yemen
54%
Montenegro
54%
United Arab Emirates
53%
Guinea-Bissau
50%
Liberia
50%
Nicaragua
49%
Oman
49%
Swaziland
49%
Gambia
46%
Bosnia and Herzegovina
46%
Ireland
42%
Sierra Leone
42%
South Africa
42%
Somalia
41%
Djibouti
37%
Lesotho
36%
Indonesia
36%
Malaysia
35%
Costa Rica
33%
East Timor
33%
United States
31%
Papua New Guinea
27%

Score Distribution

Percentile by Number Answered

Percent of People with Each Score

Your Score History

You have not taken this quiz